| 000 | 00398nam a2200097Ia 4500 | ||
|---|---|---|---|
| 008 | 180130s9999 xx 000 0 und d | ||
| 245 |
_cZakai, Mira _aHearing, listening, being attentive and everything in between |
||
| 260 | _c2014 | ||
| 300 | _aBook title: Play : psychoanalytic perspectives, survival and human development--Acession number C18636; pages 16-27 | ||
| 650 | _aPLAY--PSYCHOLOGICAL ASPECTS | ||
| 999 |
_c354500 _d354500 |
||